[Event "Koge Bugt Summer"]
[Site "Solrod"]
[Date "2011.08.31"]
[Round "3.10"]
[White "Hansen, Erik Levin"]
[Black "Kieldsen, Seier"]
[Result "1-0"]
[WhiteElo "1584"]
[BlackElo "1000"]
[PlyCount "73"]
[EventDate "2011.08.17"]
[EventType "swiss"]
[EventRounds "7"]
[EventCountry "DEN"]
[SourceTitle "EXT 2023"]
[Source "ChessBase"]
[SourceDate "2022.10.05"]
[SourceVersion "1"]
[SourceVersionDate "2022.10.05"]
[SourceQuality "1"]

1. e4 Nc6 2. Nf3 e5 3. d4 d6 4. Bc4 Be7 5. c3 Bg4 6. Be3 Bf6 7. h3 Be6 8. d5 Bd7 9. dxc6 Bxc6 10. Bd5 Ne7 11. Bxc6+ Nxc6 12. Nbd2 0-0 13. 0-0 Re8 14. Nh2 h6 15. Qg4 Ne7 16. Bxh6 Ng6 17. Be3 Bh4 18. Ndf3 Re6 19. Nxh4 Nxh4 20. Bg5 Qd7 21. Bxh4 b5 22. Nf3 f6 23. Bxf6 Rf8 24. Bxg7 Qxg7 25. Qxe6+ Rf7 26. Qg4 c6 27. Qxg7+ Rxg7 28. Rad1 Rd7 29. Nxe5 Re7 30. Nxc6 Rxe4 31. Rxd6 a6 32. Rfd1 Kf7 33. Rd7+ Kf6 34. R1d6+ Kf5 35. g4+ Kf4 36. Rf7+ Kg5 37. Rf5+ 1-0